|
|
|
|
| LEADER |
00638nam a22001817a 4500 |
| 008 |
170208b xxu||||| |||| 00| 0 eng d |
| 020 |
|
|
|a 9780415727099
|
| 082 |
|
|
|a 344.046 ATA'16
|
| 100 |
|
|
|a Aatapattu, Sumudu
|
| 245 |
|
|
|a Human Rights Approches to Climate Change : Challenges & Opportunities
|
| 250 |
|
|
|a Ed.1
|
| 260 |
|
|
|a Newyork
|b Routledge
|c 2016
|
| 300 |
|
|
|a 324p.
|
| 500 |
|
|
|a Include Index
|
| 650 |
|
|
|a Human Rights Approches-Climate Change
|
| 942 |
|
|
|2 ddc
|c REF
|
| 999 |
|
|
|c 9775
|d 9775
|
| 952 |
|
|
|0 0
|1 0
|2 ddc
|4 0
|6 344_046000000000000_ATA16
|7 1
|8 REF
|9 19566
|a NUALS
|b NUALS
|c PROC
|d 2017-02-08
|l 0
|o 344.046 ATA'16
|p 13120
|r 2017-02-08
|w 2017-02-08
|y REF
|